[Event "Ste-Foy 1 2025-26"]
[Site "Ste-Foy CAN"]
[Date "2025.10.06"]
[Round "4"]
[White "Deschenes, Andre-Philippe"]
[Black "Wafer, Jacques"]
[Result "1-0"]
[WhiteElo "1194"]
[BlackElo "1322"]
[WhiteFideId "-1"]
[WhiteFideId "-1"]
[PlyCount "39"]
[GameId "2231014196539449"]
[EventDate "2025.09.15"]
[EventType "swiss"]
[EventRounds "5"]
[EventCountry "CAN"]
[TimeControl "5400+30"]

1. d4 Nf6 2. Nf3 e6 3. e3 d5 4. Bd3 c5 5. b3 Nc6 6. a3 Bd6 7. Bb2 O-O 8. Ne5 Qb6 9. Nxc6 Qxc6 10. Nd2 Re8 11. Nf3 Qc7 12. O-O c4 13. bxc4 dxc4 14. Be2 c3 15. Bc1 b6 16. Bd3 Bb7 17. Re1 Bxf3 18. Qxf3 e5 19. Bb5 Re7 20. Qxa8+ 1-0

[Event "Ste-Foy 1 2025-26"]
[Site "Ste-Foy CAN"]
[Date "2025.10.06"]
[Round "4"]
[White "Lebel, Michel"]
[Black "Aguilar Balzano, Sébastian"]
[Result "0-1"]
[WhiteElo "1064"]
[BlackElo "1296"]
[WhiteFideId "-1"]
[WhiteFideId "-1"]
[PlyCount "126"]
[GameId "2231014274502725"]
[EventDate "2025.09.15"]
[EventType "swiss"]
[EventRounds "5"]
[EventCountry "CAN"]
[TimeControl "5400+30"]

1. e4 e6 2. Nf3 d5 3. d4 c5 4. e5 Nc6 5. Bb5 Bd7 6. O-O Qb6 7. a4 a6 8. Bxc6 Bxc6 9. b3 Ne7 10. Be3 Nf5 11. Re1 Be7 12. Bg5 Bxg5 13. dxc5 Qxc5 14. Nxg5 d4 15. Nd2 h6 16. Nge4 Qxe5 17. Nf3 Qc7 18. Nc5 Bxf3 19. Qxf3 Qxc5 20. Qxb7 O-O 21. Rac1 Qd5 22. Qb4 Nh4 23. f3 Rfe8 24. Re4 Nf5 25. Rce1 Ne3 26. Qd2 Nf5 27. Re5 Qc6 28. R1e4 f6 29. Ra5 Rac8 30. g4 Ne3 31. Rxd4 Qxf3 32. Qf2 Qxf2+ 33. Kxf2 Nxc2 34. Re4 e5 35. Rxa6 Rb8 36. Rc4 Nb4 37. Ra7 Nd3+ 38. Ke2 Rxb3 39. Rcc7 Nf4+ 40. Kd2 Ne6 41. Re7 Rxe7 42. Rxe7 Nd4 43. a5 Nc6 44. Re8+ Kh7 45. Ra8 Kg6 46. a6 Ra3 47. Ke2 Nb4 48. a7 Nc6 49. Kf2 Rxa7 50. Rxa7 Nxa7 51. h3 Nc6 52. Ke3 Ne7 53. Ke4 f5+ 54. gxf5+ Nxf5 55. Kxe5 Kg5 56. Ke4 Ng3+ 57. Kf3 Kh4 58. Kg2 g5 59. Kh2 Nf1+ 60. Kg2 h5 61. Kxf1 Kxh3 62. Kf2 Kh2 63. Kf3 g4+ 0-1

[Event "Ste-Foy 3 2024-25"]
[Site "Sainte-Foy CAN"]
[Date "2025.01.13"]
[Round "1"]
[White "Bergeron, Cedric"]
[Black "Tremblay, Noah"]
[Result "0-1"]
[WhiteElo "1160"]
[BlackElo "1566"]
[WhiteFideId "-1"]
[WhiteFideId "-1"]
[PlyCount "112"]
[GameId "2134658311271977"]
[EventDate "2025.01.13"]
[EventType "swiss"]
[EventRounds "5"]
[EventCountry "CAN"]
[TimeControl "5400+30"]

1. e4 e5 2. Nf3 Nc6 3. Bc4 Nf6 4. Ng5 d5 5. exd5 Na5 6. Bb5+ Bd7 7. Qe2 Be7 8. Bxd7+ Qxd7 9. Qxe5 Nxd5 10. d3 f6 11. Qg3 fxg5 12. Bxg5 Qe6+ 13. Be3 Nxe3 14. fxe3 O-O-O 15. Qh3 Qxh3 16. gxh3 Rhe8 17. Nd2 Bg5 18. e4 Bxd2+ 19. Kxd2 Rxe4 20. Kc3 Re2 21. b4 Nc6 22. d4 Nxd4 23. Rac1 Nf5 24. Rhe1 Rxh2 25. Kb2 Rdd2 26. a4 Nd4 27. b5 Rxc2+ 28. Rxc2 Rxc2+ 29. Ka3 Rh2 30. Re7 Rxh3+ 31. Kb4 Nf5 32. Rf7 Rh4+ 33. Kc5 g6 34. Kd5 Kd8 35. Ke6 Re4+ 36. Kf6 Re7 37. Rf8+ Kd7 38. Kg5 c5 39. bxc6+ bxc6 40. a5 c5 41. a6 c4 42. Rb8 c3 43. Rb1 c2 44. Rc1 Nd4 45. Kh6 Re2 46. Kxh7 Rd2 47. Rf1 Rd1 48. Rf7+ Kc6 49. Rf6+ Kb5 50. Rxg6 c1=Q 51. Kg7 Rg1 52. Rxg1 Qxg1+ 53. Kf6 Qe3 54. Kf7 Qe6+ 55. Kf8 Qd7 56. Kg8 Ne6 0-1

[Event "Ste-Foy 3 2024-25"]
[Site "Sainte-Foy CAN"]
[Date "2025.01.13"]
[Round "1"]
[White "Boudreault, Alexandre"]
[Black "Gagnon, Antoine"]
[Result "0-1"]
[WhiteElo "1145"]
[BlackElo "1672"]
[WhiteFideId "-1"]
[WhiteFideId "-1"]
[PlyCount "96"]
[GameId "2134658311271975"]
[EventDate "2025.01.13"]
[EventType "swiss"]
[EventRounds "5"]
[EventCountry "CAN"]
[TimeControl "5400+30"]

1. e4 c6 2. d4 d5 3. Nc3 a6 4. Nf3 Bg4 5. h3 Bxf3 6. Qxf3 e6 7. Bd3 Nf6 8. O-O Be7 9. Ne2 c5 10. c3 Nc6 11. Be3 Qb6 12. Rab1 Rd8 13. e5 Nd7 14. Qg3 g6 15. Bf4 a5 16. a3 a4 17. Bc2 Qb5 18. Rfd1 Qxe2 19. Bxa4 Qa6 20. Bc2 cxd4 21. cxd4 Nb6 22. Bb3 Na5 23. Ba2 Nbc4 24. Bh6 Bf8 25. Bg5 Rc8 26. Rd3 h6 27. Bf6 Rg8 28. b4 Nc6 29. b5 Qa4 30. bxc6 Qc2 31. cxb7 Rb8 32. a4 Qxa2 33. Rb5 Qxa4 34. Rdb3 Qa1+ 35. Kh2 Qxd4 36. Rd3 Qa7 37. Rdb3 Bc5 38. f4 Kd7 39. Qd3 Bb6 40. R3b4 Rxb7 41. Qb3 Bg1+ 42. Kh1 Rxb5 43. Rxb5 Bb6 44. Qb4 Qa1+ 45. Kh2 Qg1+ 46. Kg3 Qf2+ 47. Kg4 Qxg2+ 48. Kh4 Bf2# 0-1

[Event "Ste-Foy 3 2024-25"]
[Site "Sainte-Foy CAN"]
[Date "2025.01.13"]
[Round "1"]
[White "Cantin, Guillaume"]
[Black "Wafer, Jacques"]
[Result "1-0"]
[WhiteElo "1109"]
[BlackElo "1462"]
[WhiteFideId "-1"]
[WhiteFideId "-1"]
[PlyCount "45"]
[GameId "2134658311276074"]
[EventDate "2025.01.13"]
[EventType "swiss"]
[EventRounds "5"]
[EventCountry "CAN"]
[TimeControl "5400+30"]

1. d4 Nf6 2. c4 e6 3. Nc3 Bb4 4. e3 O-O 5. Bd2 Bxc3 6. Bxc3 d5 7. cxd5 exd5 8. Bd3 Ne4 9. Ne2 Re8 10. O-O Nc6 11. Qc2 Re6 12. Ng3 Nxg3 13. fxg3 g6 14. e4 dxe4 15. Bxe4 Nxd4 16. Rad1 Rd6 17. Bxd4 Rxd4 18. Qb3 Be6 19. Qf3 c6 20. Rxd4 Qxd4+ 21. Rf2 Bxa2 22. b3 Re8 23. Qxf7+ 1-0

[Event "Ste-Foy 3 2024-25"]
[Site "Sainte-Foy CAN"]
[Date "2025.01.13"]
[Round "1"]
[White "Larouche, Pierre"]
[Black "Miranda, Carlos"]
[Result "0-1"]
[WhiteElo "996"]
[BlackElo "1553"]
[WhiteFideId "-1"]
[WhiteFideId "-1"]
[PlyCount "54"]
[GameId "2134658311276075"]
[EventDate "2025.01.13"]
[EventType "swiss"]
[EventRounds "5"]
[EventCountry "CAN"]
[TimeControl "5400+30"]

1. e4 e6 2. Nf3 d5 3. Nc3 d4 4. Nb5 c5 5. c4 b6 6. Na3 Nc6 7. Nc2 d3 8. Ne3 e5 9. Qa4 Bd7 10. Bxd3 Nb4 11. Qb3 a5 12. Nxe5 a4 13. Qd1 f6 14. O-O fxe5 15. Qe2 Nf6 16. h3 Nxd3 17. Qxd3 Be7 18. Qc3 Qc7 19. d3 O-O 20. Nd5 Nxd5 21. cxd5 b5 22. a3 Rac8 23. Be3 c4 24. d4 Bd6 25. g3 Bxh3 26. Rfe1 Rf3 27. Qc1 exd4 0-1

[Event "Ste-Foy 3 2024-25"]
[Site "Sainte-Foy CAN"]
[Date "2025.01.13"]
[Round "1"]
[White "Poitras, Marc"]
[Black "Soubeyrand, Maxence"]
[Result "1-0"]
[WhiteElo "1347"]
[BlackElo "1044"]
[WhiteFideId "-1"]
[WhiteFideId "-1"]
[PlyCount "81"]
[GameId "2134658311276076"]
[EventDate "2025.01.13"]
[EventType "swiss"]
[EventRounds "5"]
[EventCountry "CAN"]
[TimeControl "5400+30"]

1. d4 d5 2. c4 c6 3. Nc3 Nf6 4. Bg5 Nbd7 5. Nf3 g6 6. Qd2 h6 7. Bh4 Bg7 8. cxd5 cxd5 9. e3 O-O 10. Bd3 Qc7 11. Nb5 Qb6 12. Bg3 Nh5 13. Nc7 Nxg3 14. Nxa8 Qd8 15. hxg3 e5 16. dxe5 Nxe5 17. Nxe5 Bxe5 18. e4 h5 19. Rc1 Be6 20. exd5 Bxd5 21. Rxh5 gxh5 22. Qh6 Re8 23. Bh7+ Kh8 24. Kf1 Qf6 25. Qxh5 Bxg3 26. Be4+ Kg8 27. Qg4+ Kf8 28. Qxg3 Rxe4 29. Rc8+ Re8 30. Qa3+ Qe7 31. Qxe7+ Kxe7 32. Rxe8+ Kxe8 33. Nc7+ Kd7 34. Nxd5 Kd6 35. Ne3 Kc5 36. Ke2 Kd4 37. Nf5+ Kd5 38. Ke3 Ke5 39. g4 b5 40. f4+ Ke6 41. Nd4+ 1-0

[Event "Ste-Foy 3 2024-25"]
[Site "Sainte-Foy CAN"]
[Date "2025.01.13"]
[Round "1"]
[White "Shi, Evan"]
[Black "Soucy, Mathieu"]
[Result "1-0"]
[WhiteElo "1787"]
[BlackElo "1290"]
[WhiteFideId "-1"]
[WhiteFideId "-1"]
[PlyCount "77"]
[GameId "2134658311263782"]
[EventDate "2025.01.13"]
[EventType "swiss"]
[EventRounds "5"]
[EventCountry "CAN"]
[TimeControl "5400+30"]

1. c4 Nf6 2. Nc3 g6 3. d4 Bg7 4. e4 d6 5. f3 O-O 6. Be3 Nbd7 7. Qd2 c5 8. g4 cxd4 9. Bxd4 Nc5 10. e5 Nfd7 11. exd6 e5 12. Be3 Qh4+ 13. Bf2 Qf6 14. Nd5 Qxd6 15. g5 Na4 16. Nf6+ Qxf6 17. gxf6 Bxf6 18. Qb4 Ndb6 19. Bxb6 axb6 20. h4 Bf5 21. Ne2 e4 22. Nc3 Nxc3 23. bxc3 exf3 24. Kf2 Rfe8 25. a4 Rad8 26. Qb2 Rd7 27. Re1 Red8 28. Kxf3 h5 29. Re3 Rd2 30. Qb5 Bd7 31. Qxb6 Bc6+ 32. Kg3 Bg7 33. Rh2 Rd1 34. Rf2 Bf8 35. c5 R8d5 36. Qc7 Rd7 37. Qf4 Bxc5 38. Re8+ Kg7 39. Qf6+ 1-0

[Event "Ste-Foy 3 2024-25"]
[Site "Sainte-Foy CAN"]
[Date "2025.01.13"]
[Round "1"]
[White "Taran, Maksim"]
[Black "Caron-Ouellette, Charles"]
[Result "0-1"]
[WhiteElo "947"]
[BlackElo "1311"]
[WhiteFideId "-1"]
[WhiteFideId "-1"]
[PlyCount "92"]
[GameId "2134658311276077"]
[EventDate "2025.01.13"]
[EventType "swiss"]
[EventRounds "5"]
[EventCountry "CAN"]
[TimeControl "5400+30"]

1. e4 d5 2. e5 c5 3. Nf3 Bg4 4. h3 Bh5 5. Be2 Nc6 6. c3 e6 7. d4 cxd4 8. cxd4 Bb4+ 9. Bd2 Qb6 10. Bxb4 Qxb4+ 11. Qd2 Bxf3 12. Qxb4 Nxb4 13. Bxf3 Nc2+ 14. Kd2 Nxa1 15. Nc3 Ne7 16. Rxa1 O-O 17. g4 Nc6 18. a3 Nxd4 19. Be2 Nb3+ 20. Ke1 Nxa1 21. b4 Nc2+ 22. Kd1 Nxa3 23. f3 Rfd8 24. Bd3 Nc4 25. Kc2 Nxe5 26. Nb5 Nxd3 27. Kxd3 a6 28. Nc3 Rac8 29. h4 Rc4 30. h5 Rdc8 31. Ne2 Rxb4 32. Ke3 Rb3+ 33. Kf2 Rc2 34. Kf1 Rxf3+ 35. Ke1 e5 36. Kd1 Rxe2 37. Kxe2 Rg3 38. Kf2 Rxg4 39. Kf3 Rf4+ 40. Kg3 d4 41. Kg2 d3 42. Kg1 d2 43. Kh2 d1=Q 44. Kg3 Qf3+ 45. Kh2 Qf2+ 46. Kh1 Rh4# 0-1

[Event "Ste-Foy 3 2024-25"]
[Site "Sainte-Foy CAN"]
[Date "2025.01.13"]
[Round "1"]
[White "Verge, Leo"]
[Black "Vallee, Maxime"]
[Result "1-0"]
[WhiteElo "1600"]
[BlackElo "1276"]
[WhiteFideId "-1"]
[WhiteFideId "-1"]
[PlyCount "93"]
[GameId "2134658311271976"]
[EventDate "2025.01.13"]
[EventType "swiss"]
[EventRounds "5"]
[EventCountry "CAN"]
[TimeControl "5400+30"]

1. g3 d5 2. d3 e5 3. Bg2 Nf6 4. Nf3 Nc6 5. a3 g6 6. O-O Bg7 7. b4 e4 8. Nfd2 Be6 9. Bb2 O-O 10. dxe4 dxe4 11. Nxe4 Nxe4 12. Qxd8 Raxd8 13. Bxg7 Kxg7 14. Bxe4 Rfe8 15. Nc3 a6 16. Rfd1 Rd6 17. Rxd6 cxd6 18. Rd1 Rc8 19. Rxd6 Nxb4 20. axb4 Rxc3 21. Bxb7 Rxc2 22. Bxa6 Bh3 23. f3 Be6 24. Bd3 Rd2 25. b5 Bc4 26. b6 Bxd3 27. exd3 Rb2 28. Rc6 Kf8 29. d4 Rb5 30. d5 Ke7 31. Rc7+ Kd6 32. Rxf7 Rxb6 33. Rxh7 Kxd5 34. h4 Ke5 35. Rh6 Rb1+ 36. Kg2 Kf5 37. g4+ Kf4 38. Rxg6 Rb2+ 39. Kh3 Kxf3 40. Rf6+ Ke4 41. h5 Ke5 42. Rf1 Rb6 43. g5 Rb3+ 44. Kg4 Rb2 45. Rf3 Rg2+ 46. Rg3 Ke6 47. Rxg2 1-0

[Event "Ste-Foy 3 2024-25"]
[Site "Sainte-Foy CAN"]
[Date "2025.01.20"]
[Round "2"]
[White "Caron-Ouellette, Charles"]
[Black "Verge, Leo"]
[Result "0-1"]
[WhiteElo "1311"]
[BlackElo "1600"]
[WhiteFideId "-1"]
[WhiteFideId "-1"]
[PlyCount "36"]
[GameId "2136898098950238"]
[EventDate "2025.01.13"]
[EventType "swiss"]
[EventRounds "5"]
[EventCountry "CAN"]

1. e4 Nc6 2. Nf3 d5 3. exd5 Qxd5 4. Nc3 Qh5 5. Bb5 Bg4 6. Bxc6+ bxc6 7. d4 Rd8 8. Qe2 Rxd4 9. Be3 Rd8 10. Bxa7 Nh6 11. Ne4 Nf5 12. Ned2 Nd6 13. O-O-O Qa5 14. Qe3 Qxa2 15. Bc5 g6 16. Bd4 Nf5 17. Qc3 Bxf3 18. Nxf3 Bh6+ 0-1

[Event "Ste-Foy 3 2024-25"]
[Site "Sainte-Foy CAN"]
[Date "2025.01.20"]
[Round "2"]
[White "Couture, Francois"]
[Black "Breton, Sylvain"]
[Result "1-0"]
[WhiteElo "1259"]
[BlackElo "1255"]
[WhiteFideId "-1"]
[WhiteFideId "-1"]
[PlyCount "50"]
[GameId "2136898098950241"]
[EventDate "2025.01.13"]
[EventType "swiss"]
[EventRounds "5"]
[EventCountry "CAN"]

1. d4 g6 2. c4 Bg7 3. Nf3 Nf6 4. Nc3 b6 5. e4 d6 6. h3 O-O 7. Bd3 Bb7 8. O-O Re8 9. Re1 Nbd7 10. Bg5 c5 11. e5 Bxf3 12. Qxf3 cxd4 13. exf6 exf6 14. Rxe8+ Qxe8 15. Be4 Rc8 16. Nb5 Qe5 17. Bf4 Qc5 18. Nxd6 Rf8 19. Bd5 f5 20. Re1 Nf6 21. Nxf7 Nxd5 22. Bd6 Qxc4 23. Bxf8 Bxf8 24. Ng5 Nb4 25. Qb7 Bg7 1-0

[Event "Ste-Foy 3 2024-25"]
[Site "Sainte-Foy CAN"]
[Date "2025.01.20"]
[Round "2"]
[White "Dionne, Frederick"]
[Black "Tremblay, Charles"]
[Result "1/2-1/2"]
[WhiteElo "1241"]
[BlackElo "1529"]
[WhiteFideId "-1"]
[WhiteFideId "-1"]
[PlyCount "34"]
[GameId "2136898098950242"]
[EventDate "2025.01.13"]
[EventType "swiss"]
[EventRounds "5"]
[EventCountry "CAN"]
[TimeControl "5400+30"]

1. e4 c5 2. d4 cxd4 3. c3 Nc6 4. cxd4 e6 5. Nf3 Bb4+ 6. Nc3 Nge7 7. Qc2 O-O 8. Bd3 d5 9. exd5 Bxc3+ 10. bxc3 Nxd5 11. Bxh7+ Kh8 12. Ba3 Re8 13. h4 Qa5 14. Bb2 e5 15. O-O exd4 16. Nxd4 Nxd4 17. cxd4 Bg4 1/2-1/2

[Event "Ste-Foy 3 2024-25"]
[Site "Sainte-Foy CAN"]
[Date "2025.01.20"]
[Round "2"]
[White "Gagnon, Antoine"]
[Black "Blais, Pierre-Luc"]
[Result "1-0"]
[WhiteElo "1672"]
[BlackElo "1431"]
[WhiteFideId "-1"]
[WhiteFideId "-1"]
[PlyCount "81"]
[GameId "2136898098950237"]
[EventDate "2025.01.13"]
[EventType "swiss"]
[EventRounds "5"]
[EventCountry "CAN"]

1. d4 Nf6 2. c4 c6 3. Nc3 d5 4. e3 g6 5. Nf3 Bg7 6. Be2 O-O 7. O-O e5 8. Nxe5 Re8 9. Qb3 Nbd7 10. cxd5 Nxe5 11. dxe5 Nxd5 12. Rd1 Qb6 13. Nxd5 Qxb3 14. Ne7+ Kf8 15. Nxg6+ hxg6 16. axb3 Bxe5 17. f3 b5 18. e4 Be6 19. b4 Kg7 20. f4 Bc7 21. Be3 Bb3 22. Rd7 Bxf4 23. Bd4+ Be5 24. Bxe5+ Rxe5 25. Bd3 a6 26. Ra3 Bc4 27. Bxc4 bxc4 28. Rd4 Rae8 29. Rxa6 Rxe4 30. Rxe4 Rxe4 31. Rxc6 Re2 32. Rxc4 Rxb2 33. g4 Kf6 34. h4 Ke6 35. h5 gxh5 36. gxh5 Kf6 37. Rg4 Re2 38. h6 Re8 39. b5 Ke5 40. b6 Kd6 41. Rc4 1-0

[Event "Ste-Foy 3 2024-25"]
[Site "Sainte-Foy CAN"]
[Date "2025.01.20"]
[Round "2"]
[White "Laurendeau, Alfred"]
[Black "Shi, Evan"]
[Result "0-1"]
[WhiteElo "1544"]
[BlackElo "1787"]
[WhiteFideId "-1"]
[WhiteFideId "-1"]
[PlyCount "100"]
[GameId "2136898096853084"]
[EventDate "2025.01.13"]
[EventType "swiss"]
[EventRounds "5"]
[EventCountry "CAN"]

1. c4 f5 2. Nc3 Nf6 3. g3 e6 4. Bg2 Bb4 5. Nf3 O-O 6. O-O Bxc3 7. dxc3 d6 8. Bg5 Qe8 9. Nd2 e5 10. e4 fxe4 11. Nxe4 Nc6 12. Nxf6+ gxf6 13. Bh6 Rf7 14. Bd5 Be6 15. f4 f5 16. fxe5 dxe5 17. Qe2 Rf6 18. Bg5 Rf7 19. Rae1 e4 20. Bf4 Bxd5 21. cxd5 Ne5 22. Bxe5 Qxe5 23. c4 c6 24. Rd1 Rd8 25. dxc6 Rxd1 26. Rxd1 Qc5+ 27. Kh1 Qxc6 28. Rd5 Qe6 29. Qe3 b6 30. b3 Qf6 31. Rd2 Qe6 32. Rd8+ Kg7 33. Qg5+ Qg6 34. Qxg6+ hxg6 35. Kg2 Re7 36. Kf2 Kf6 37. Ke3 Kg5 38. Rd6 Kh5 39. h3 g5 40. Rd5 Kg6 41. Rd6+ Kf7 42. Rh6 Kg7 43. Rd6 Rf7 44. Rd5 Kg6 45. Rd6+ Kh5 46. Rd5 f4+ 47. gxf4 Rxf4 48. Re5 Kh4 49. Re8 Kxh3 50. Rh8+ Rh4 0-1

[Event "Ste-Foy 3 2024-25"]
[Site "Sainte-Foy CAN"]
[Date "2025.01.20"]
[Round "2"]
[White "Miranda, Carlos"]
[Black "Renzo, Alain"]
[Result "0-1"]
[WhiteElo "1553"]
[BlackElo "1272"]
[WhiteFideId "-1"]
[WhiteFideId "-1"]
[PlyCount "98"]
[GameId "2136898098950240"]
[EventDate "2025.01.13"]
[EventType "swiss"]
[EventRounds "5"]
[EventCountry "CAN"]

1. e4 e6 2. d4 d5 3. Nc3 a6 4. Nf3 c5 5. Be3 b6 6. Be2 Bb7 7. e5 Nc6 8. O-O c4 9. b3 Bb4 10. Bd2 Nge7 11. a3 Bxc3 12. Bxc3 cxb3 13. cxb3 O-O 14. Bd3 f5 15. exf6 Rxf6 16. Re1 Nf5 17. g4 Nd6 18. Ng5 Ne4 19. Bxe4 dxe4 20. Nxe4 Rh6 21. Re3 Qh4 22. h3 Ne7 23. Nd6 Bd5 24. Be1 Rf8 25. Qd3 Rhf6 26. Ra2 Bf3 27. Kh2 Bxg4 28. Ne4 Rf3 29. Ng5 Qxg5 30. hxg4 Qh4+ 31. Kg2 Qxg4+ 32. Kh2 R8f6 33. Rxf3 Rxf3 34. Qf1 Rf5 35. Qg2 Qf4+ 36. Qg3 Rh5+ 37. Kg2 Rg5 38. Bd2 Rxg3+ 39. fxg3 Qxd4 40. Bb4 Nf5 41. Rd2 Qe4+ 42. Kh2 Kf7 43. Rd7+ Kg6 44. Bd2 Qf3 45. Bf4 Qf2+ 46. Kh3 h5 47. Rd2 Qf3 48. Rb2 h4 49. Bc7 hxg3 0-1

[Event "Ste-Foy 3 2024-25"]
[Site "Sainte-Foy CAN"]
[Date "2025.01.20"]
[Round "2"]
[White "Tremblay, Noah"]
[Black "Poitras, Marc"]
[Result "1-0"]
[WhiteElo "1566"]
[BlackElo "1347"]
[WhiteFideId "-1"]
[WhiteFideId "-1"]
[PlyCount "33"]
[GameId "2136898098950239"]
[EventDate "2025.01.13"]
[EventType "swiss"]
[EventRounds "5"]
[EventCountry "CAN"]

1. e4 d6 2. d4 Nf6 3. Nc3 g6 4. Bg5 Bg7 5. e5 dxe5 6. dxe5 Qxd1+ 7. Rxd1 Ng4 8. h3 Nxe5 9. Nd5 f6 10. Nxc7+ Kf7 11. Bf4 Bf5 12. Nxa8 Nbc6 13. Nc7 Bxc2 14. Rd2 Be4 15. Bxe5 Nxe5 16. f4 Nc6 17. Bc4+ 1-0

[Event "Ste-Foy 3 2024-25"]
[Site "Sainte-Foy CAN"]
[Date "2025.01.20"]
[Round "2"]
[White "Vallee, Maxime"]
[Black "Larouche, Pierre"]
[Result "1-0"]
[WhiteElo "1276"]
[BlackElo "996"]
[WhiteFideId "-1"]
[WhiteFideId "-1"]
[PlyCount "35"]
[GameId "2136898098950244"]
[EventDate "2025.01.13"]
[EventType "swiss"]
[EventRounds "5"]
[EventCountry "CAN"]
[TimeControl "5400+30"]

1. e4 e5 2. d4 d5 3. dxe5 dxe4 4. Qxd8+ Kxd8 5. Nc3 Bb4 6. Bd2 Bf5 7. O-O-O Nc6 8. Bh6+ Ke7 9. Nd5+ Kd7 10. Nxb4+ Ke7 11. Nxc6+ bxc6 12. Bxg7 f6 13. Bxh8 Rf8 14. exf6+ Ke8 15. Bc4 Nh6 16. Bg7 Ng4 17. Bxf8 Kxf8 18. Rd8# 1-0

[Event "Ste-Foy 3 2024-25"]
[Site "Sainte-Foy CAN"]
[Date "2025.01.20"]
[Round "2"]
[White "Wafer, Jacques"]
[Black "Soubeyrand, Maxence"]
[Result "1-0"]
[WhiteElo "1462"]
[BlackElo "1044"]
[WhiteFideId "-1"]
[WhiteFideId "-1"]
[PlyCount "89"]
[GameId "2136898098950243"]
[EventDate "2025.01.13"]
[EventType "swiss"]
[EventRounds "5"]
[EventCountry "CAN"]
[TimeControl "5400+30"]

1. e4 c6 2. Nf3 d5 3. exd5 cxd5 4. c3 Bg4 5. h3 Bxf3 6. Qxf3 Nf6 7. d4 e6 8. Bb5+ Nc6 9. O-O Bd6 10. Bg5 Be7 11. Bxf6 Bxf6 12. Nd2 O-O 13. Rfe1 Qb6 14. Qd3 a6 15. Ba4 Qxb2 16. Reb1 Qa3 17. Bc2 g6 18. Rxb7 Qd6 19. Rb6 a5 20. Ba4 Ne5 21. dxe5 Qxb6 22. exf6 Rfc8 23. Rb1 Qc5 24. Rc1 Ra6 25. Nb3 Qd6 26. Qe3 e5 27. Qg5 Qxf6 28. Qxf6 Rxf6 29. Bb5 d4 30. c4 d3 31. a4 Re6 32. Nxa5 e4 33. Nb3 e3 34. fxe3 Rxe3 35. Rd1 Rd8 36. Nd2 Kf8 37. a5 Re7 38. a6 Ra7 39. Nb3 Ke7 40. Kf2 Rd6 41. Ke3 Re6+ 42. Kxd3 Rd6+ 43. Nd4 Rxd4+ 44. Kxd4 Rd7+ 45. Bxd7 1-0

[Event "Ste-Foy 3 2024-25"]
[Site "Sainte-Foy CAN"]
[Date "2025.01.27"]
[Round "3"]
[White "Couture, Francois"]
[Black "Cantin, Guillaume"]
[Result "1/2-1/2"]
[WhiteElo "1259"]
[BlackElo "1109"]
[WhiteFideId "-1"]
[WhiteFideId "-1"]
[PlyCount "106"]
[GameId "2142279855272942"]
[EventDate "2025.01.13"]
[EventType "swiss"]
[EventRounds "5"]
[EventCountry "CAN"]
[TimeControl "5400+30"]

1. d4 Nf6 2. c4 e6 3. Nf3 d5 4. Nc3 h6 5. a3 c5 6. Bf4 cxd4 7. Qxd4 Nc6 8. Qd1 Be7 9. e3 O-O 10. Bd3 Bd6 11. Bxd6 Qxd6 12. O-O Rd8 13. Re1 dxc4 14. Bxc4 Qc7 15. Bd3 e5 16. Qc2 Bg4 17. Be2 g6 18. Rac1 Rac8 19. Nh4 Bxe2 20. Rxe2 Ne7 21. h3 g5 22. Nf5 e4 23. Nxh6+ Kg7 24. Ng4 Nxg4 25. hxg4 Rh8 26. g3 Qd6 27. Qa4 Qh6 28. Qd4+ Kf8 29. Qxe4 Rc4 30. Qg2 Rxg4 31. Rcc2 f5 32. f3 Rxg3 33. Qxg3 Qh1+ 34. Kf2 Rh2+ 35. Qxh2 Qxh2+ 36. Ke1 Qg3+ 37. Rf2 Qg1+ 38. Ke2 g4 39. fxg4 Qxg4+ 40. Kd3 Nc6 41. Rf4 Qg6 42. Rcf2 Ke8 43. Rxf5 Ne5+ 44. Ke2 Qa6+ 45. Kd2 Qd3+ 46. Kc1 Nc4 47. Rd5 Qxe3+ 48. Rdd2 Nxd2 49. Rxd2 Kf7 50. Kc2 b5 51. Nxb5 Qe4+ 52. Rd3 Qa4+ 53. Rb3 Qe4+ 1/2-1/2

[Event "Ste-Foy 3 2024-25"]
[Site "Sainte-Foy CAN"]
[Date "2025.01.27"]
[Round "3"]
[White "Miranda, Carlos"]
[Black "Dionne, Frederick"]
[Result "0-1"]
[WhiteElo "1553"]
[BlackElo "1241"]
[WhiteFideId "-1"]
[WhiteFideId "-1"]
[PlyCount "92"]
[GameId "2142279855272941"]
[EventDate "2025.01.13"]
[EventType "swiss"]
[EventRounds "5"]
[EventCountry "CAN"]
[TimeControl "5400+30"]

1. e4 e5 2. Nf3 Nc6 3. Bc4 f5 4. d3 Nf6 5. Nbd2 Bc5 6. O-O h6 7. Re1 Ng4 8. Re2 Nd4 9. Nxd4 Bxd4 10. c3 Qh4 11. Nf3 Bxf2+ 12. Kh1 Qh5 13. Qf1 Bg3 14. h3 fxe4 15. dxe4 Rf8 16. Re3 Nxe3 17. Bxe3 g5 18. Qe2 g4 19. Nh2 Bxh2 20. Kxh2 g3+ 21. Kxg3 Qg6+ 22. Qg4 Qxg4+ 23. hxg4 Rf6 24. Rh1 d6 25. Rxh6 Rxh6 26. Bxh6 Ke7 27. g5 Be6 28. Bxe6 Kxe6 29. Bg7 d5 30. Kf3 c6 31. a4 Rg8 32. Bf6 d4 33. cxd4 exd4 34. b4 b6 35. Bxd4 Rxg5 36. a5 bxa5 37. Bxa7 axb4 38. g3 b3 39. Bd4 Rb5 40. Bb2 c5 41. Ke3 Ra5 42. Kd2 Ra4 43. e5 Rg4 44. Ba3 Rxg3 45. Bxc5 Rg2+ 46. Kc1 Rc2+ 0-1

[Event "Ste-Foy 3 2024-25"]
[Site "Sainte-Foy CAN"]
[Date "2025.01.27"]
[Round "3"]
[White "Pepin, Pierre-Luc"]
[Black "Wafer, Jacques"]
[Result "0-1"]
[WhiteElo "1138"]
[BlackElo "1462"]
[WhiteFideId "-1"]
[WhiteFideId "-1"]
[PlyCount "50"]
[GameId "2142279855272939"]
[EventDate "2025.01.13"]
[EventType "swiss"]
[EventRounds "5"]
[EventCountry "CAN"]
[TimeControl "5400+30"]

1. d4 Nf6 2. g3 d5 3. Bg2 e6 4. a3 c5 5. e3 Nbd7 6. Nc3 a6 7. Nf3 b5 8. dxc5 Bxc5 9. b4 Bb6 10. Bb2 Bb7 11. O-O Qc7 12. Rb1 O-O 13. Re1 Rfe8 14. Bf1 Qc6 15. Nd4 Bxd4 16. exd4 Nb6 17. Qf3 Re7 18. Bd3 Rae8 19. Ne2 Nc4 20. Bxc4 dxc4 21. Qxc6 Bxc6 22. c3 e5 23. dxe5 Rxe5 24. Kf1 Bd7 25. Nd4 Bh3+ 0-1

[Event "Ste-Foy 3 2024-25"]
[Site "Sainte-Foy CAN"]
[Date "2025.01.27"]
[Round "3"]
[White "Renzo, Alain"]
[Black "Gagnon, Antoine"]
[Result "0-1"]
[WhiteElo "1272"]
[BlackElo "1672"]
[WhiteFideId "-1"]
[WhiteFideId "-1"]
[PlyCount "72"]
[GameId "2142279855272943"]
[EventDate "2025.01.13"]
[EventType "swiss"]
[EventRounds "5"]
[EventCountry "CAN"]
[TimeControl "5400+30"]

1. e4 c6 2. d4 d5 3. exd5 cxd5 4. Nc3 Nc6 5. Nf3 Bg4 6. Be3 e6 7. a3 Nf6 8. Be2 Be7 9. O-O Rc8 10. b4 Bxf3 11. Bxf3 Nxb4 12. Qd2 Nc6 13. Be2 O-O 14. Rfb1 Qd7 15. Bb5 a6 16. Bd3 b5 17. a4 b4 18. Ne2 a5 19. Bb5 Ne4 20. Qd3 Qa7 21. Rc1 Rc7 22. c4 bxc3 23. Nxc3 Nb4 24. Qe2 Nxc3 25. Qg4 Nxb5 26. Bh6 Rxc1+ 27. Rxc1 Qxd4 28. Qe2 Nc3 29. Qb2 gxh6 30. Qxc3 Qxc3 31. Rxc3 d4 32. Rc7 Bg5 33. Rc5 d3 34. Kf1 Nc2 35. Rxa5 Nd4 36. Rc5 d2 0-1